3D studio MAX 3 Kỹ thuật đồ họa cao cấp

Gardado en:
Detalles Bibliográficos
Autor Principal: BÙI KIẾN QUỐC
Formato: Libro
Idioma:Undetermined
Publicado: Hà Nội Thống Kê 2001
Những chủ đề:
Các nhãn: Engadir etiqueta
Sen Etiquetas, Sexa o primeiro en etiquetar este rexistro!
Thư viện lưu trữ: Trung tâm Học liệu Trường Đại học Cần Thơ
LEADER 00541nam a2200181Ia 4500
001 CTU_48282
008 210402s9999 xx 000 0 und d
082 |a 006.68 
082 |b Qu451 
100 |a BÙI KIẾN QUỐC 
245 0 |a 3D studio MAX 3 
245 0 |b Kỹ thuật đồ họa cao cấp 
245 0 |c BÙI KIẾN QUỐC, ELICOM 
260 |a Hà Nội 
260 |b Thống Kê 
260 |c 2001 
650 |a computer graphics - computer programs 
980 |a Trung tâm Học liệu Trường Đại học Cần Thơ